Представление документа в формате RUSMARC

ПолеНазваниеЗначение
  Тип записи a
  Библиографический уровень a
001 Контрольный номер RU/УОНБ/EK_Kray/345036346
005 Дата корректировки 20220304200116.9
100 Данные общей обработки __
a Данные общей обработки 20101207d2010 ||| 0rusy0189 ca
101 Язык документа 0_
a Язык текста rus
102 Страна публикации __
a Страна публикации RU
105 Кодированные данные (монография) __
a Кодированные данные (монография) y###||||000|y
200 Заглавие и сведения об ответственности 1_
a Заглавие ...Боль это или благо?
e Сведения, относящиеся к заглавию стихи
f Первые сведения об ответственности Елена Кувшинникова
215 Физическое описание __
c Иллюстрации/тип воспроизводства 1 портр.
225 Серия 1_
a Серия Поговорим о...
461 Уровень набора _0
1 2000
a Новая библиотека
1 011
463 Уровень физической единицы _0
1 001RU/УОНБ/EK_Kray/345035699
1 2000
a № 20
v С. 36
1 210
d 2010
610 Ключевые слова 0_
a Ключевые слова стихи
686 Индексы других классификаций __
a Классификационный индекс 84-5
2 Код системы rubbk
700 Автор _1
a Фамилия Кувшинникова
b Имя (инициалы) Е.
g Полное личное имя Елена
4 Код отношения 070
801 Источник записи _0
a Страна RU
b Организация Ульяновская ОНБ
c Дата составления 20101207
g Правила каталогизации RCR
801 Источник записи _1
a Страна RU
b Организация IS
c Дата составления 20101207
g Правила каталогизации RCR
901 Тип документа __
t Тип документа b
w Контрольный № источника RU/УОНБ/EK_Kray/345035699
938 Служебная информация __
a Имя БД kraeved_work
b Имя библиотеки УОНБ
c Имя АИБС МАРК-SQL
d Номер DOC_ID в БД 72492